| 000 | 02059cam a2200277zu 4500 | ||
|---|---|---|---|
| 001 | 88921679 | ||
| 003 | FRCYB88921679 | ||
| 005 | 20251020123448.0 | ||
| 006 | m o d | ||
| 007 | cr un | ||
| 008 | 251020s2016 fr | o|||||0|0|||fre d | ||
| 020 | _a9782200614584 | ||
| 035 | _aFRCYB88921679 | ||
| 040 |
_aFR-PaCSA _bfr _c _erda |
||
| 100 | 1 | _aForo, Philippe | |
| 245 | 0 | 1 |
_aL'Italie fasciste _c['Foro, Philippe'] |
| 264 | 1 |
_bArmand Colin _c2016 |
|
| 300 | _a p. | ||
| 336 |
_btxt _2rdacontent |
||
| 337 |
_bc _2rdamdedia |
||
| 338 |
_bc _2rdacarrier |
||
| 650 | 0 | _a | |
| 700 | 0 | _aForo, Philippe | |
| 856 | 4 | 0 |
_2Cyberlibris _uhttps://international.scholarvox.com/netsen/book/88921679 _qtext/html _a |
| 520 | _aSuite aux bouleversements de la Grande Guerre, la jeune démocratie libérale italienne ne parvient pas à résoudre une série de crises qui créent les conditions de l'accession au pouvoir du mouvement fasciste, constitué au lendemain du conflit. Son chef, Benito Mussolini, parvient, à partir de 1925, à établir une dictature à vocation totalitaire. Le fascisme italien, loin d'être un simple régime autoritaire, souhaite mettre en place un modèle totalitaire au travers d'une nouvelle conception de l'État et d'un encadrement de plus en plus étroit de la société. Au-delà des objectifs intérieurs, le pouvoir fasciste a également l'ambition de faire de l'Italie une grande puissance, destinée à imprimer sa marque sur les relations internationales, un véritable programme impérial.Alliée de l'Allemagne nazie dans le second conflit mondial, l'Italie fasciste s'écroule face à une guerre qui dépasse ses capacités. La chute du régime, en juillet 1943, ouvre, pour l'Italie, sa période la plus sombre depuis l'Unité mais crée, également, les conditions de l'instauration de la démocratie.L'ouvrage souhaite présenter aux lecteurs une synthèse sur le Ventennio fascista qui prenne en compte les travaux les plus récents sur l'histoire de l'Italie au cours de cette période. | ||
| 999 |
_c1554299 _d1554299 |
||